000 00737nam a2200193 a 4500
008 071204s2006 ||||||||||||||||| || u
020 _a1597499978
050 _aQA 76.9.A25 Fos
100 _aFoster, James C
245 1 0 _aWriting security tools and exploits
_cJames C. Foster; Vincent Liu
260 _aRockland
_bSyngress
_c2006
300 _axxiv, 638p.ill.:
350 _a0.00
650 _aCOMPUTER SECURITY (COMPUTER SCIENCE)
650 _aCOMPUTERS
650 _aELECTRONIC DATA PROCESSING DEPARTMENTS--SECURITY MEASURES
700 _aLiu, Vincent
995 _D0.00
_FCBU-MAIN LIBRARY (Kitwe)
_H1
_I0.00
_M1
_UAVAILABLE
_WDec 4, 2007
_ZMain Library Open Access Collection
999 _c62236
_d62236